000 00492nam a2200169Ia 4500
999 _c16353
_d16353
003 OSt
005 20200606115912.0
008 190216s9999||||xx |||||||||||||| ||und||
040 _cMESKC library
082 _a891.431
_bCHA/I
100 _aChouhan, Shelandra
_9240
245 0 _aIshwar Ke Chaukhat Per /
_cShelandra Chouhan
260 _bShabdalogh Prakashan,
_aDelhi:
_c2004.
300 _a96p
650 _aHindi
942 _cBK
_2ddc
_h891.431
_iCHA/I
_k891.431
_mCHA/I